|
|
|
|
| LEADER |
00000nam0a2200000 4500 |
| 001 |
308585 |
| 005 |
20231102002116.0 |
| 035 |
|
|
|a (RuTPU)RU\TPU\book\333905
|
| 090 |
|
|
|a 308585
|
| 100 |
|
|
|a 20151103d1981 k y0rusy5003 ca
|
| 101 |
0 |
|
|a rus
|
| 102 |
|
|
|a RU
|
| 105 |
|
|
|a a z 001zy
|
| 200 |
1 |
|
|a Морфология и развитие брахиопод (надсемейство "Раeскеlмаnеllасеа" )
|f Е. А. Иванова
|g Академия наук СССР (АН СССР), Палеонтологический институт (ПИН)
|
| 210 |
|
|
|a Москва
|c Наука
|d 1981
|
| 215 |
|
|
|a 54 с.
|c ил., 4 л. ил.
|d 26 см.
|
| 225 |
1 |
|
|a Труды Палеонтологического института
|a Т. 195
|
| 320 |
|
|
|a Библиогр.: с. 45-48
|
| 320 |
|
|
|a Указатель латинских названий: с. 52-53
|
| 606 |
1 |
|
|a Брахиоподы
|2 stltpush
|3 (RuTPU)RU\TPU\subj\72117
|9 85703
|
| 610 |
1 |
|
|a морфология
|
| 610 |
1 |
|
|a экология
|
| 610 |
1 |
|
|a происхождение
|
| 610 |
1 |
|
|a развитие
|
| 610 |
1 |
|
|a распространение
|
| 610 |
1 |
|
|a систематический состав
|
| 675 |
|
|
|a 564.8
|z rus
|v 4
|
| 700 |
|
1 |
|a Иванова
|b Е. А.
|g Елена Алексеевна
|4 070
|
| 712 |
0 |
2 |
|a Академия наук СССР (АН СССР)
|b Палеонтологический институт (ПИН)
|c (Москва)
|2 stltpush
|3 (RuTPU)RU\TPU\col\11384
|
| 801 |
|
0 |
|a RU
|b RuMRKP
|c 19950704
|g psbo
|
| 801 |
|
1 |
|a RU
|b 63413507
|c 20151103
|
| 801 |
|
2 |
|a RU
|b 63413507
|c 20171016
|g RCR
|
| 942 |
|
|
|c BK
|